Allattamento, svezzamento e nutrizione del bambino (Record n. 217512)

Dettagli MARC
000 -LEADER
fixed length control field 01256nam a2200205Ia 4500
001 - CONTROL NUMBER
control field a1695-42980
003 - CONTROL NUMBER IDENTIFIER
control field IT-MiCISF
008 - FIXED-LENGTH DATA ELEMENTS--GENERAL INFORMATION
fixed length control field 161014s9999||||xx |||||||||||||| ||und||
040 ## - CATALOGING SOURCE
Original cataloging agency IT-MiCISF
Transcribing agency IT-MiCISF
041 ## - LANGUAGE CODE
Language code of text/sound track or separate title it
999 ## - SYSTEM CONTROL NUMBERS (KOHA)
Koha Dewey Subclass [OBSOLETE] si
100 ## - MAIN ENTRY--PERSONAL NAME
Personal name Tasca Stefano
245 #0 - TITLE STATEMENT
Title Allattamento, svezzamento e nutrizione del bambino
Remainder of title Dalla nascita a due anni: le solide ragioni di un'alimentazione naturale e sana
250 ## - EDITION STATEMENT
Edition statement 1a ed.
260 ## - PUBLICATION, DISTRIBUTION, ETC. (IMPRINT)
Place of publication, distribution, etc. Foggia
Name of publisher, distributor, etc. Editrice Mammeonline
Date of publication, distribution, etc. 2006
300 ## - PHYSICAL DESCRIPTION
Extent pp. 164
500 ## - GENERAL NOTE
General note / infanzia, crescita-bambini, alimentazione / E' ancora oggi possibile svezzare e nutrire i bambini in modo naturale, usando prodotti freschi, seguendo da vicino la fisiologia della crescita e rispettando i peculiari fabbisogni di ogni singolo? L'A. risponde decisamente di sì a tali domande, esponendo sia la ratio scientifica del suo protocollo alimentare, sia il suo schema di svezzamento, messo a punto in anni di studio e osservazione sul campo. Questo libro nasce grazie alla cortese insistenza di moltissime mamme che hanno sollecitato la divulgazione della metodica avendone constatato direttamente o indirettamente gli effetti positivi.
650 ## - SUBJECT ADDED ENTRY--TOPICAL TERM
Topical term or geographic name as entry element Infanzia / età-evolutiva
Relator term 008
942 ## - ADDED ENTRY ELEMENTS (KOHA)
Koha item type LIBRO
957 ## -
-- 1
999 ## - SYSTEM CONTROL NUMBERS (KOHA)
-- 1
Dati di copia
Withdrawn status Lost status Damaged status Not for loan Home library Current library Date acquired Total Checkouts Full call number Date last seen Price effective from Koha item type Public note
    Buone Condizioni Not For Loan CISF - Milano CISF - Milano 14/10/2016   a1695-42980 14/10/2016 14/10/2016 LIBRO Data import 15.10.2016 / by Epidotti, Vaglietti
CREDITS: SOCIETA' SAN PAOLO Via A.Severo, 58 - ROMA (RM) & PERIODICI SAN PAOLO SRL Via Giotto, 36 MILANO & CISF Via Giotto, 36 MILANO & EDIZIONI SAN PAOLO SRL,  Piazza Soncino, 5 CINISELLO BALSAMO (MI) -- ITALY